<?xml version="1.0" encoding="UTF-8"?>
<marc:record xmlns:marc="http://www.loc.gov/MARC21/slim" type="Bibliographic">
   <marc:leader>00000pam a2200000 c 4500</marc:leader>
   <marc:controlfield tag="001">971171947</marc:controlfield>
   <marc:controlfield tag="003">DE-101</marc:controlfield>
   <marc:controlfield tag="005">20171203161633.0</marc:controlfield>
   <marc:controlfield tag="007">tu</marc:controlfield>
   <marc:controlfield tag="008">040512s2005    gw ||||| |||| 00||||ger  </marc:controlfield>
   <marc:datafield ind1=" " ind2=" " tag="015">
      <marc:subfield code="a">05,A07,2517</marc:subfield>
      <marc:subfield code="z">04,N23,1366</marc:subfield>
      <marc:subfield code="2">dnb</marc:subfield>
   </marc:datafield>
   <marc:datafield ind1="7" ind2=" " tag="016">
      <marc:subfield code="2">DE-101</marc:subfield>
      <marc:subfield code="a">971171947</marc:subfield>
   </marc:datafield>
   <marc:datafield ind1=" " ind2=" " tag="020">
      <marc:subfield code="a">9783861081890</marc:subfield>
      <marc:subfield code="c">Pp. : EUR 12.90</marc:subfield>
      <marc:subfield code="9">978-3-86108-189-0</marc:subfield>
   </marc:datafield>
   <marc:datafield ind1=" " ind2=" " tag="020">
      <marc:subfield code="a">386108189X</marc:subfield>
      <marc:subfield code="c">Pp. : EUR 12.90</marc:subfield>
      <marc:subfield code="9">3-86108-189-X</marc:subfield>
   </marc:datafield>
   <marc:datafield ind1="3" ind2=" " tag="024">
      <marc:subfield code="a">9783861081890</marc:subfield>
   </marc:datafield>
   <marc:datafield ind1=" " ind2=" " tag="035">
      <marc:subfield code="a">(DE-599)DNB971171947</marc:subfield>
   </marc:datafield>
   <marc:datafield ind1=" " ind2=" " tag="035">
      <marc:subfield code="a">(OCoLC)76519661</marc:subfield>
   </marc:datafield>
   <marc:datafield ind1=" " ind2=" " tag="040">
      <marc:subfield code="a">1245</marc:subfield>
      <marc:subfield code="b">ger</marc:subfield>
      <marc:subfield code="c">DE-101</marc:subfield>
      <marc:subfield code="d">9999</marc:subfield>
   </marc:datafield>
   <marc:datafield ind1=" " ind2=" " tag="041">
      <marc:subfield code="a">ger</marc:subfield>
   </marc:datafield>
   <marc:datafield ind1=" " ind2=" " tag="044">
      <marc:subfield code="c">XA-DE-HB</marc:subfield>
   </marc:datafield>
   <marc:datafield ind1="7" ind2="4" tag="082">
      <marc:subfield code="a">K</marc:subfield>
      <marc:subfield code="q">DE-101</marc:subfield>
      <marc:subfield code="2">22sdnb</marc:subfield>
   </marc:datafield>
   <marc:datafield ind1=" " ind2=" " tag="090">
      <marc:subfield code="a">b</marc:subfield>
   </marc:datafield>
   <marc:datafield ind1="0" ind2=" " tag="100">
      <marc:subfield code="0">(DE-588)118556940</marc:subfield>
      <marc:subfield code="0">http://d-nb.info/gnd/118556940</marc:subfield>
      <marc:subfield code="0">(DE-101)118556940</marc:subfield>
      <marc:subfield code="a">Janosch</marc:subfield>
      <marc:subfield code="d">1931-</marc:subfield>
      <marc:subfield code="e">Verfasser</marc:subfield>
      <marc:subfield code="4">aut</marc:subfield>
   </marc:datafield>
   <marc:datafield ind1="0" ind2="0" tag="245">
      <marc:subfield code="a">&#x98;Die&#x9c; Bremer Stadtmusikanten</marc:subfield>
      <marc:subfield code="b">[nach dem Märchen der Brüder Grimm]</marc:subfield>
      <marc:subfield code="c">gezeichnet und lebhaft nacherzählt von Janosch</marc:subfield>
   </marc:datafield>
   <marc:datafield ind1=" " ind2="1" tag="264">
      <marc:subfield code="a">Bremen</marc:subfield>
      <marc:subfield code="b">Ed. Temmen</marc:subfield>
      <marc:subfield code="c">c 2005</marc:subfield>
   </marc:datafield>
   <marc:datafield ind1=" " ind2=" " tag="300">
      <marc:subfield code="a">[50] S.</marc:subfield>
      <marc:subfield code="b">überw. Ill.</marc:subfield>
      <marc:subfield code="c">29 cm</marc:subfield>
   </marc:datafield>
   <marc:datafield ind1=" " ind2=" " tag="336">
      <marc:subfield code="a">unbewegtes Bild</marc:subfield>
      <marc:subfield code="b">sti</marc:subfield>
      <marc:subfield code="2">rdacontent</marc:subfield>
   </marc:datafield>
   <marc:datafield ind1=" " ind2=" " tag="337">
      <marc:subfield code="a">ohne Hilfsmittel zu benutzen</marc:subfield>
      <marc:subfield code="b">n</marc:subfield>
      <marc:subfield code="2">rdamedia</marc:subfield>
   </marc:datafield>
   <marc:datafield ind1=" " ind2=" " tag="338">
      <marc:subfield code="a">Band</marc:subfield>
      <marc:subfield code="b">nc</marc:subfield>
      <marc:subfield code="2">rdacarrier</marc:subfield>
   </marc:datafield>
   <marc:datafield ind1=" " ind2=" " tag="520">
      <marc:subfield code="a">"Ei was", sagte der Esel, "zieh lieber mit uns fort, wir gehen nach Bremen, etwas besseres als den Tod findest du überall..." Diese Aufforderung des Esels befolgt der Hahn, wie wir alle wissen, ebenso eifrig wie vor ihm der Hund und die Katze. Gemeinsam ziehen die Vier in die schöne Hansestadt, um dort das Räuberhaus in Beschlag zu nehmen. Das Märchen ist bekannt und beliebt - nicht nur in Bremen! Aber SO haben Sie die Stadtmusikanten noch nicht gesehen: Die "Bremer Stadtmusikanten" by JANOSCH - mit zahlreichen neuen Zeichnungen zu einem der bekanntesten Märchen der Welt. Janosch, der beliebte Illustrator und Kinderbuchautor, gibt dem Märchen mit seinen frech-ironischen Illustrationen neuen Schwung. Grund genug also, die Geschichte von den Vieren, "die auszogen, das Glück zu suchen" noch einmal zur Hand zu nehmen.</marc:subfield>
   </marc:datafield>
   <marc:datafield ind1=" " ind2=" " tag="653">
      <marc:subfield code="a">(VLB-FS)Märchen</marc:subfield>
   </marc:datafield>
   <marc:datafield ind1=" " ind2=" " tag="653">
      <marc:subfield code="a">(VLB-FS)Stadtmusikanten</marc:subfield>
   </marc:datafield>
   <marc:datafield ind1=" " ind2=" " tag="653">
      <marc:subfield code="a">(VLB-FS)Janosch</marc:subfield>
   </marc:datafield>
   <marc:datafield ind1=" " ind2=" " tag="653">
      <marc:subfield code="a">(VLB-PF)BB: Gebunden</marc:subfield>
   </marc:datafield>
   <marc:datafield ind1=" " ind2=" " tag="653">
      <marc:subfield code="a">(VLB-WI)1: Hardcover, Softcover, Karte</marc:subfield>
   </marc:datafield>
   <marc:datafield ind1=" " ind2=" " tag="653">
      <marc:subfield code="a">(VLB-WG)140: Belletristik / Märchen, Sagen, Legenden</marc:subfield>
   </marc:datafield>
   <marc:datafield ind1="0" ind2="8" tag="776">
      <marc:subfield code="i">Plattdt. Ausg. u.d.T.:</marc:subfield>
      <marc:subfield code="a">Janosch, 1931-</marc:subfield>
      <marc:subfield code="t">&#x98;De&#x9c; Bremer Stadtmuskanten</marc:subfield>
      <marc:subfield code="d">Bremen : Ed. Temmen, 2005</marc:subfield>
      <marc:subfield code="h">[52] S., überw. Ill.</marc:subfield>
      <marc:subfield code="w">(DE-101)97487857X</marc:subfield>
   </marc:datafield>
   <marc:datafield ind1="0" ind2="8" tag="776">
      <marc:subfield code="i">Chines. Ausg. u.d.T.:</marc:subfield>
      <marc:subfield code="a">Janosch, 1931-</marc:subfield>
      <marc:subfield code="t">Bulaimei-di-chengshi-leshi</marc:subfield>
      <marc:subfield code="d">Bremen : Tengmen-Chubanshe, 2005</marc:subfield>
      <marc:subfield code="h">52 S., überw. Ill.</marc:subfield>
      <marc:subfield code="w">(DE-101)97397205X</marc:subfield>
   </marc:datafield>
   <marc:datafield ind1="0" ind2="8" tag="776">
      <marc:subfield code="i">Engl. Ausg. u.d.T.:</marc:subfield>
      <marc:subfield code="a">Janosch, 1931-</marc:subfield>
      <marc:subfield code="t">&#x98;The&#x9c; Bremen town musicians</marc:subfield>
      <marc:subfield code="d">Bremen : Ed. Temmen, 2005</marc:subfield>
      <marc:subfield code="h">[52] S., überw. Ill.</marc:subfield>
      <marc:subfield code="w">(DE-101)973972025</marc:subfield>
   </marc:datafield>
   <marc:datafield ind1="0" ind2="8" tag="776">
      <marc:subfield code="i">Franz. Ausg. u.d.T.:</marc:subfield>
      <marc:subfield code="a">Janosch, 1931-</marc:subfield>
      <marc:subfield code="t">&#x98;Les&#x9c; musiciens de @Brême</marc:subfield>
      <marc:subfield code="d">Bremen : Ed. Temmen, 2005</marc:subfield>
      <marc:subfield code="h">[52] S., überw. Ill.</marc:subfield>
      <marc:subfield code="w">(DE-101)973972017</marc:subfield>
   </marc:datafield>
   <marc:datafield ind1="0" ind2="8" tag="776">
      <marc:subfield code="i">Ital. Ausg. u.d.T.:</marc:subfield>
      <marc:subfield code="a">Janosch, 1931-</marc:subfield>
      <marc:subfield code="t">&#x98;I&#x9c; musicanti di Brema</marc:subfield>
      <marc:subfield code="d">Bremen : Ed. Temmen, 2005</marc:subfield>
      <marc:subfield code="h">[52] S., überw. Ill.</marc:subfield>
      <marc:subfield code="w">(DE-101)973971754</marc:subfield>
   </marc:datafield>
   <marc:datafield ind1="0" ind2="8" tag="776">
      <marc:subfield code="i">Japan. Ausg. u.d.T.:</marc:subfield>
      <marc:subfield code="a">Janosch, 1931-</marc:subfield>
      <marc:subfield code="t">Burēmen-no-ongakutai</marc:subfield>
      <marc:subfield code="d">Bremen : Ed. Temmen, 2005</marc:subfield>
      <marc:subfield code="h">[52] S., überw. Ill.</marc:subfield>
      <marc:subfield code="w">(DE-101)973972009</marc:subfield>
   </marc:datafield>
   <marc:datafield ind1="0" ind2="8" tag="776">
      <marc:subfield code="i">Niederländ. Ausg. u.d.T.:</marc:subfield>
      <marc:subfield code="a">Janosch, 1931-</marc:subfield>
      <marc:subfield code="t">&#x98;De&#x9c; Bremer Stadtsmuzikanten</marc:subfield>
      <marc:subfield code="d">Bremen : Ed. Temmen, 2008</marc:subfield>
      <marc:subfield code="h">[52] S., überw. Ill.</marc:subfield>
      <marc:subfield code="w">(DE-101)989396851</marc:subfield>
   </marc:datafield>
   <marc:datafield ind1="0" ind2="8" tag="776">
      <marc:subfield code="i">Schwed. Ausg. u.d.T.:</marc:subfield>
      <marc:subfield code="a">Janosch, 1931-</marc:subfield>
      <marc:subfield code="t">Stadsmusikanterna från Bremen</marc:subfield>
      <marc:subfield code="d">Bremen : Ed. Temmen, 2015</marc:subfield>
      <marc:subfield code="h">[52] S., überw. Ill.</marc:subfield>
      <marc:subfield code="w">(DE-101)1068234954</marc:subfield>
   </marc:datafield>
   <marc:datafield ind1="0" ind2="8" tag="776">
      <marc:subfield code="i">Russ. Ausg. u.d.T.:</marc:subfield>
      <marc:subfield code="a">Janosch, 1931-</marc:subfield>
      <marc:subfield code="t">Bremenskie muzykanty</marc:subfield>
      <marc:subfield code="d">Bremen : Ed. Temmen, 2005</marc:subfield>
      <marc:subfield code="h">[52] S., überw. Ill.</marc:subfield>
      <marc:subfield code="w">(DE-101)973972033</marc:subfield>
   </marc:datafield>
   <marc:datafield ind1="0" ind2="8" tag="776">
      <marc:subfield code="i">Span. Ausg. u.d.T.:</marc:subfield>
      <marc:subfield code="a">Janosch, 1931-</marc:subfield>
      <marc:subfield code="t">&#x98;Los&#x9c; músicos de Bremen</marc:subfield>
      <marc:subfield code="d">Bremen : Ed. Temmen, 2005</marc:subfield>
      <marc:subfield code="h">[52] S., überw. Ill.</marc:subfield>
      <marc:subfield code="w">(DE-101)973971746</marc:subfield>
   </marc:datafield>
   <marc:datafield ind1="0" ind2="8" tag="776">
      <marc:subfield code="i">Portug. Ausg. u.d.T.:</marc:subfield>
      <marc:subfield code="a">Janosch, 1931-</marc:subfield>
      <marc:subfield code="t">&#x98;Os&#x9c; músicos de Bremen</marc:subfield>
      <marc:subfield code="d">Bremen : Ed. Temmen, 2015</marc:subfield>
      <marc:subfield code="h">[52] S., überw. Ill.</marc:subfield>
      <marc:subfield code="w">(DE-101)1068479833</marc:subfield>
   </marc:datafield>
   <marc:datafield ind1="0" ind2="8" tag="776">
      <marc:subfield code="i">Türk. Ausg. u.d.T.:</marc:subfield>
      <marc:subfield code="a">Janosch, 1931-</marc:subfield>
      <marc:subfield code="t">Bremen Mızıkacıları</marc:subfield>
      <marc:subfield code="d">Bremen : Ed. Temmen, 2008</marc:subfield>
      <marc:subfield code="h">[52] S., überw. Ill.</marc:subfield>
      <marc:subfield code="w">(DE-101)988940124</marc:subfield>
   </marc:datafield>
   <marc:datafield ind1=" " ind2=" " tag="850">
      <marc:subfield code="a">DE-101a</marc:subfield>
      <marc:subfield code="a">DE-101b</marc:subfield>
   </marc:datafield>
   <marc:datafield ind1="r" ind2=" " tag="925">
      <marc:subfield code="a">ra</marc:subfield>
   </marc:datafield>
</marc:record>
